000
00302nam a22001337a 4500
008
181204b xxu||||| |||| 00| 0 eng d
020
_a
0813422914
041
_a
eng
080
_a
336
100
_a
56
101
_a
FIN
245
_a
Financial Management in Agriculture
_c
Barry,c.b
942
_2
udc
_c
BK
999
_c
52754
_d
52754